<?xml version="1.0" encoding="UTF-8"?>
<record
    xmlns:xsi="http://www.w3.org/2001/XMLSchema-instance"
    xsi:schemaLocation="http://www.loc.gov/MARC21/slim http://www.loc.gov/standards/marcxml/schema/MARC21slim.xsd"
    xmlns="http://www.loc.gov/MARC21/slim">

  <leader>00961nam a22001937a 4500</leader>
  <controlfield tag="005">20230123093754.0</controlfield>
  <controlfield tag="008">230123b           ||||| |||| 00| 0 eng d</controlfield>
  <datafield tag="040" ind1=" " ind2=" ">
    <subfield code="c">AL</subfield>
  </datafield>
  <datafield tag="041" ind1=" " ind2=" ">
    <subfield code="a">eng</subfield>
  </datafield>
  <datafield tag="082" ind1=" " ind2=" ">
    <subfield code="2">23</subfield>
    <subfield code="a">891.73</subfield>
    <subfield code="b">GORM</subfield>
  </datafield>
  <datafield tag="100" ind1=" " ind2=" ">
    <subfield code="a">Maxim Gorky</subfield>
    <subfield code="9">69617</subfield>
  </datafield>
  <datafield tag="245" ind1=" " ind2=" ">
    <subfield code="a">Mother</subfield>
  </datafield>
  <datafield tag="260" ind1=" " ind2=" ">
    <subfield code="a">Moscow</subfield>
    <subfield code="b">Progress Publishers</subfield>
    <subfield code="c">1980</subfield>
  </datafield>
  <datafield tag="300" ind1=" " ind2=" ">
    <subfield code="a">384p.</subfield>
    <subfield code="b">HB</subfield>
    <subfield code="c">20x13cm.</subfield>
  </datafield>
  <datafield tag="520" ind1=" " ind2=" ">
    <subfield code="a">1907. Maxim Gorky, pseudonym of Alexei Maksimovich Peshkov, Soviet novelist, playwright and essayist, who was a founder of social realism. Although known principally as a writer, he was closely associated with the tumultuous revolutionary period of his own country. The Mother, one of his best-known works, is the story of the radicalization of an uneducated woman that was later taken as a model for the Socialist Realist novel, and his autobiographical masterpiece Childhood. </subfield>
  </datafield>
  <datafield tag="650" ind1=" " ind2=" ">
    <subfield code="a">Russian Fiction in English</subfield>
    <subfield code="9">69618</subfield>
  </datafield>
  <datafield tag="700" ind1=" " ind2=" ">
    <subfield code="a">GORKY (Maxim)</subfield>
    <subfield code="9">69619</subfield>
  </datafield>
  <datafield tag="942" ind1=" " ind2=" ">
    <subfield code="2">ddc</subfield>
    <subfield code="c">DB</subfield>
  </datafield>
  <datafield tag="999" ind1=" " ind2=" ">
    <subfield code="c">226405</subfield>
    <subfield code="d">226405</subfield>
  </datafield>
  <datafield tag="952" ind1=" " ind2=" ">
    <subfield code="0">0</subfield>
    <subfield code="1">0</subfield>
    <subfield code="2">ddc</subfield>
    <subfield code="4">0</subfield>
    <subfield code="7">0</subfield>
    <subfield code="8">OTH</subfield>
    <subfield code="a">AL</subfield>
    <subfield code="b">AL</subfield>
    <subfield code="d">2014-12-10</subfield>
    <subfield code="l">0</subfield>
    <subfield code="o">891.73 GORM</subfield>
    <subfield code="p">D05562</subfield>
    <subfield code="r">2023-01-23 00:00:00</subfield>
    <subfield code="w">2023-01-23</subfield>
    <subfield code="y">DB</subfield>
    <subfield code="z">Donated by V. T. Rajshekar</subfield>
  </datafield>
</record>
